№ 69; vitamin de

التفاصيل البيبلوغرافية
Parent link:vitamin de: Das deutsche Jugendjournal. № 69.— , 2010-
اللغة:الألمانية
منشور في: 2016
التنسيق: MixedMaterials كتاب
KOHA link:https://koha.lib.tpu.ru/cgi-bin/koha/opac-detail.pl?biblionumber=563706

MARC

LEADER 00000nam2a2200000 4500
001 563706
005 20231101123521.0
035 |a (RuTPU)RU\TPU\prd\259349 
090 |a 563706 
100 |a 20160617a20109999k y0rusy50 ba 
101 0 |a ger 
102 |a RU 
200 0 |a № 69 
210 |d 2016 
461 1 |0 (RuTPU)RU\TPU\prd\80277  |t vitamin de  |o Das deutsche Jugendjournal  |v № 69  |d 2010- 
801 0 |a RU  |b 63413507  |c 20010227  |g PSBO 
801 1 |a RU  |b 63413507  |c 20160617 
801 2 |a RU  |b 63413507  |c 20160617  |g RCR 
942 |c BK 
999 |a НТБ_ТПУ  |b ЧЗИЛ  |e -1/20160111  |p П-9463  |s 6/20151117  |u 0,00  |v 1  |y 13821000790778